ห้องสมุด วิทยาลัยพยาบาลบรมราชชนนี อุดรธานี Boromarajonani College of Nursing, Udonthani
mysqli: Table './ulib2015/stat_globaluid' is marked as crashed and last (automatic?) repair failed select id from stat_globaluid where statuid='20260417213751_1804' mysqli: Table './ulib2015/stat_globaluid' is marked as crashed and last (automatic?) repair failed DELETE FROM stat_globaluid
WHERE id NOT IN (
SELECT id
FROM (
SELECT id
FROM stat_globaluid
ORDER BY id DESC
LIMIT 100
) foo
); mysqli: Table './ulib2015/stat_globaluid' is marked as crashed and last (automatic?) repair failed insert into stat_globaluid set
statuid='20260417213751_1804',
dt='1776436671',
phpself='/ULIB/dublinfull.php',
agent='Mozilla/5.0 AppleWebKit/537.36 (KHTML, like Gecko; compatible; ClaudeBot/1.0; +claudebot@anthropic.com)',
yea='2026',
mon='4',
dat='17',
ip='216.73.216.55'
LEADER 01028nam 2200301 a 4500
001 13399121010
003 ULIBM
008 191114s2555 th m a000 0 tha d
020 ^a9786162790171
060 4 ^aWQ100^bป387ส ^c2555
245 00 ^aสูตินรีเวชทันยุค =^bOB-GYN in practice 2012 /^cบรรณาธิการ ประสงค์ ตันมหาสมุทร ... [และคนอื่น ๆ]
246 31 ^aOb-GYN in practice 2012.
250 ^aพิมพ์ครั้งที่ 1.
260 ^aกรุงเทพฯ :^bภาควิชาสูติศาสตร์-นรีเวชวิทยา คณะแพทยศาสตร์ศิริราชพยาบาล มหาวิทยาลัยมหิดล,^c2555.
300 ^axviii, 440 หน้า :^bภาพประกอบ
650 7 ^aนรีเวชวิทยา
650 7 ^aสูติศาสตร์
700 0 ^aพฤหัส จันทร์ประภาพ,^eบรรณาธิการ
700 0 ^aอรรถพล ใจชื่น,^eบรรณาธิการ
700 0 ^aธันวารัตน์ วงศ์นานุรักษ์,^eบรรณาธิการ
700 0 ^aตรีภพ เลิศบรรณพงษ์,^eบรรณาธิการ
710 2 ^aมหาวิทยาลัยมหิดล.^bคณะแพทยศาสตร์ศิริราชพยาบาล.^bภาควิชาสูติศาสตร์-นรีเวชวิทยา
945 ^p400^l0^i40709
999 ^aพรปวีณ์
คุณยังไม่ได้ล็อกอิน คุณสามารถมีกิจกรรมร่วมกับเว็บไซต์ได้ แต่ต้องล็อกอินก่อน ::
ลำดับที่
ประเภท
เลขเรียก /บาร์โค้ด
สถานที่
สถานะ
1.
หนังสือการพยาบาล WQ100 ป387ส 2555 Barcode: 40709 หนังสือทั่วไป On Shelf [แสดง 1/1 รายการ]
mysqli: Can't create/write to file '/var/tmp/#sql_59d_0.MAI' (Errcode: 2) select * from index_db where titl like '%สูตินรีเวชทันยุค = OB-GYN in practice 2012 / บรรณาธิการ ประสงค์ ตันมหาสมุทร ... [และคนอื่น ๆ]%' and mid<>'13399121010' order by rand() limit 3 mysqli: Can't create/write to file '/var/tmp/#sql_59d_0.MAI' (Errcode: 2) select * from index_db where subj like '%นรีเวชวิทยา%' and mid<>'13399121010' order by rand() limit 3 mysqli: Can't create/write to file '/var/tmp/#sql_59d_0.MAI' (Errcode: 2) select * from index_db where subj like '%สูติศาสตร์%' and mid<>'13399121010' order by rand() limit 3
ยังไม่เคยถูกคอมเมนท์
คอมเมนท์ทรัพยากรรายการนี้
JavaScript must be enabled in order for you to use Google Maps.
However, it seems JavaScript is either disabled or not supported by your browser.
To view Google Maps, enable JavaScript by changing your browser options, and then
try again.